[Event "Challenge"]
[Site "http://www.queenalice.com/game.php?id=32684"]
[Date "2005.10.11"]
[Round "-"]
[White "Chakal69"]
[Black "liliuejoo"]
[Result "0-1"]
[WhiteElo "1614"]
[BlackElo "1500"]

1. e4 a6 2. Nf3 h6 3. d4 Nf6 4. Nc3 d6 5. d5 e5 6. Bd3 Bg4 7. Be2 Qd7 8. h3 Bxf3
9. Bxf3 c6 10. O-O g6 11. Be3 g5 12. a4 cxd5 13. Nxd5 Nxd5 14. Qxd5 Qc6 15. c4
Qxd5 16. cxd5 Be7 17. b4 a5 18. b5 Nd7 19. Rfc1 O-O 20. Bg4 Nf6 21. Bf3 h5 22.
Bxg5 b6 23. Bxh5 Rae8 24. Bh6 Nxh5 25. Bxf8 Kxf8 26. Rc6 Rb8 27. g4 Nf4 28. Kh2
Ke8 29. Kg3 Kd7 30. Rac1 Ne2+ 31. Kg2 Nxc1 32. Rxc1 Bg5 33. Rc2 Rc8 34. Re2 Rc4
35. Ra2 Rxe4 36. f3 Rd4 37. Kg3 Rxd5 38. h4 Bf4+ 39. Kh3 Rd3 40. Kg2 Ke6 41. Ra1
Kd5 42. h5 e4 43. fxe4+ Kxe4 44. Re1+ Re3 45. Rxe3+ Kxe3 46. Kh3 f6 47. Kh4 Bg5+
48. Kg3 d5 49. Kg2 d4 50. Kf1 d3 51. Ke1 d2+ 52. Kd1 Kf2 53. h6 Bxh6 54. Kc2 Ke2
0-1

[Event "Challenge"]
[Site "http://www.queenalice.com/game.php?id=32685"]
[Date "2005.10.11"]
[Round "-"]
[White "liliuejoo"]
[Black "Chakal69"]
[Result "0-1"]
[WhiteElo "1757"]
[BlackElo "1614"]

1. h3 e5 2. d4 e4 3. Bg5 Qe7 4. Bc1 Qd8 5. Nc3 d5 6. f3 Nf6 7. a3 Nc6 8. Bg5 h6
9. Bxf6 Qxf6 10. Nxd5 Qd6 11. c4 Qg3+ 12. Kd2 Nxd4 13. Kc3 Qe5 14. Qxd4 Qxd4+
15. Kxd4 Bd6 16. Kxe4 f5+ 17. Kd3 c6 18. Ne3 f4 19. Ng4 Bf5+ 20. Kd2 h5 21. Nf2
O-O-O 22. e4 fxe3+ 23. Kxe3 Rhe8+ 24. Ne4 Bc5+ 25. Kf4 Bxe4 26. fxe4 Rf8+ 27.
Kg3 Bd6+ 28. Kh4 Rf4+ 29. Kg5 Rxe4 30. Kxh5 Rh8+ 31. Kg5 Rh6 32. Ne2 Re5+ 33.
Kg4 g5 34. Nc3 Rh4+ 35. Kf3 Rf4+ 36. Kg3 Re3+ 37. Kh2 Rxf1+ 38. g3 Rf2+ 39. Kg1
Rxb2 40. g4 Rxc3 41. c5 Bxc5+ 42. Kf1 Rf2+ 43. Ke1 Rcc2 44. Kd1 Bd4 45. Rb1 Bc5
46. a4 Rcd2+ 47. Ke1 Rfe2+ 48. Kf1 Re4 49. Ra1 Rf2+ 50. Kg1 Ra2+ 51. Kf1 Rxa1+
52. Kg2 Ra2+ 53. Kf1 Rb4 0-1

[Event "Challenge"]
[Site "http://www.queenalice.com/game.php?id=36063"]
[Date "2005.11.2"]
[Round "-"]
[White "Chakal69"]
[Black "liliuejoo"]
[Result "0-1"]
[WhiteElo "1614"]
[BlackElo "1474"]

1. e4 d5 2. e5 a6 3. d4 f6 4. Nf3 Bg4 5. Be2 Bxf3 6. Bxf3 Nc6 7. e6 Qd6 8. Bg4
g6 9. Bh3 f5 10. O-O Qxe6 11. Re1 Qf6 12. Nc3 e6 13. a3 O-O-O 14. Re2 Nxd4 15.
Re3 Bc5 16. Re1 Ne7 17. Na4 b6 18. b4 Nf3+ 19. Qxf3 Qxa1 20. bxc5 b5 21. Nc3 b4
22. axb4 c6 23. g3 d4 24. Ne2 Qa4 25. Bd2 Qxc2 26. Bg5 Rhe8 27. Nxd4 Rxd4 28.
Rxe6 Kd7 29. Re1 Re4 30. Rd1+ Nd5 31. g4 Re1+ 32. Rxe1 Rxe1+ 33. Kg2 Qb1 34. Kg3
Rd1 35. gxf5 Rd3 36. fxg6+ Kc7 37. Bf4+ Nxf4 38. gxh7 Rxf3+ 0-1

[Event "Challenge"]
[Site "http://www.queenalice.com/game.php?id=36064"]
[Date "2005.11.2"]
[Round "-"]
[White "liliuejoo"]
[Black "Chakal69"]
[Result "0-1"]
[WhiteElo "1576"]
[BlackElo "1636"]

1. h3 e5 2. a3 Nf6 3. Nc3 d5 4. d4 e4 5. Bg5 Be7 6. Bxf6 Bxf6 7. e3 O-O 8. Na4
b6 9. b4 a5 10. c3 Nc6 11. Qb3 Ne7 12. c4 Be6 13. c5 bxc5 14. bxc5 Rb8 15. Qc3
Bd7 16. Qc2 Bxa4 17. Qxa4 c6 18. Qxa5 Qxa5+ 19. Kd1 Rb2 0-1

[Event "Challenge"]
[Site "http://www.queenalice.com/game.php?id=36450"]
[Date "2005.11.4"]
[Round "-"]
[White "liliuejoo"]
[Black "chaves"]
[Result "1-0"]
[WhiteElo "1439"]
[BlackElo "1338"]

1. h3 d5 2. d4 e6 3. a3 Na6 4. Nf3 Bd6 5. Nc3 c6 6. e4 dxe4 7. Nxe4 Be7 8. Bxa6
bxa6 9. Qd3 f5 10. Ng3 Nf6 11. Ne5 Qa5+ 12. Bd2 Qb6 13. b3 Ne4 14. Nxe4 Bh4 15.
g3 Be7 16. Nc4 Qc7 17. O-O-O fxe4 18. Qxe4 h6 19. Qg6+ Kf8 20. Ne5 Bxa3+ 21. Kb1
Ke7 22. Qf7+ Kd6 23. Nc4+ Kd5 24. Qxc7 Kxd4 25. Qxg7+ Kd5 26. Qe5# 1-0

[Event "Challenge"]
[Site "http://www.queenalice.com/game.php?id=37780"]
[Date "2005.11.13"]
[Round "-"]
[White "liliuejoo"]
[Black "sweetChess"]
[Result "0-1"]
[WhiteElo "1491"]
[BlackElo "1630"]

1. h3 e5 2. e4 Nf6 3. Nf3 Nxe4 4. Nxe5 Qe7 5. d3 Qxe5 6. Qe2 d5 7. dxe4 dxe4 8.
Nc3 Bb4 9. Bd2 Nc6 10. Qxe4 Bxc3 11. Qxe5+ Bxe5 12. O-O-O Be6 13. c3 O-O-O 14.
a3 Na5 15. Bb5 Nb3+ 16. Kc2 Nxd2 17. Rxd2 Bb3+ 18. Kxb3 Rxd2 19. Rf1 Rhd8 20.
Bc4 f6 21. Be6+ Kb8 22. Bf5 g6 23. Bc2 f5 24. f4 Bf6 25. g3 Rg2 26. Rf3 Rdd2 27.
Re3 b6 28. Bb1 Rxb2+ 29. Kc4 Rxb1 30. a4 Ra2 31. Re6 Rxa4+ 32. Kd5 Rb5+ 33. Kc6
Rc5+ 34. Kd7 Bxc3 35. h4 Rd4+ 36. Ke7 Re4 37. Kf7 Rxe6 38. Kxe6 a5 39. Kf7 a4
40. Kg8 a3 41. Kxh7 a2 42. Kxg6 a1=Q 43. h5 Bh8 0-1

[Event "Challenge"]
[Site "http://www.queenalice.com/game.php?id=38365"]
[Date "2005.11.17"]
[Round "-"]
[White "Chakal69"]
[Black "liliuejoo"]
[Result "0-1"]
[WhiteElo "1624"]
[BlackElo "1521"]

1. e4 d5 2. e5 e6 3. d4 a6 4. Nf3 h6 5. Bd3 c5 6. c3 cxd4 7. cxd4 Nc6 8. a3 b5
9. b4 Nge7 10. Bb2 a5 11. Bxb5 axb4 12. axb4 Rxa1 13. Bxa1 Qb6 14. Nc3 Bd7 15.
Ba4 Nxb4 16. Qb1 Bxa4 17. Nxa4 Qa5 18. O-O Qxa4 19. Bc3 Nec6 20. Qb2 Qc2 21.
Qxc2 Nxc2 22. Nd2 Bb4 23. Bxb4 N6xb4 24. Rb1 Ke7 25. Nb3 Nd3 26. Nc5 Nxc5 27.
dxc5 Rc8 28. Rb7+ Ke8 29. Rb5 Nd4 30. Ra5 Nb3 31. Rb5 Nxc5 32. f4 Nd3 33. Kf1
Rc1+ 34. Ke2 Nxf4+ 35. Kf3 Ng6 36. Rb8+ Kd7 37. Rb7+ Rc7 38. Rb1 Nxe5+ 39. Ke3
g5 40. Kd4 f6 41. h3 Kd6 42. g4 Rc4+ 43. Ke3 Rc3+ 44. Kd4 Rxh3 45. Rb6+ Nc6+ 0-1

[Event "Challenge"]
[Site "http://www.queenalice.com/game.php?id=38366"]
[Date "2005.11.17"]
[Round "-"]
[White "liliuejoo"]
[Black "Chakal69"]
[Result "1-0"]
[WhiteElo "1566"]
[BlackElo "1624"]

1. h3 e5 2. a3 Nf6 3. Nc3 d5 4. d4 e4 5. Bg5 Be7 6. Bxf6 Bxf6 7. e3 a6 8. Qh5 c6
9. f3 Bh4+ 10. Kd2 Nd7 11. fxe4 dxe4 12. Nxe4 g6 13. Qh6 c5 14. Nd6+ Ke7 15.
Nxc8+ Rxc8 16. Qxh4+ Kf8 17. Qe4 cxd4 18. Qxd4 Rg8 19. Bc4 Ne5 20. Qxd8+ Rxd8+
21. Bd3 Kg7 22. Nf3 Nxf3+ 23. gxf3 f5 24. f4 h6 25. h4 b5 26. b4 Kf6 27. Rhg1
Rd7 28. h5 Rd6 29. a4 g5 30. axb5 axb5 31. fxg5+ hxg5 32. Ra5 Rd5 33. Rxb5 Rxb5
34. Bxb5 Rh8 35. Be2 g4 36. Rh1 g3 37. Bf1 Kg5 38. Rh3 Kg4 39. h6 Kf3 40. Rh5 f4
41. Rf5 g2 42. Rxf4+ Kg3 43. Bxg2 Kxg2 44. Rf6 Kg3 45. e4 Kg4 46. Rc6 Kg5 47. b5
Rh7 48. b6 Kf4 49. Re6 Rb7 50. c4 Rh7 51. c5 Rd7+ 52. Kc3 Ke3 53. Rd6 Rb7 54.
Re6 Rd7 55. Rd6 Rb7 56. Re6 Rd7 57. Kc4 Rd4+ 58. Kb5 1-0

[Event "Challenge"]
[Site "http://www.queenalice.com/game.php?id=38851"]
[Date "2005.11.20"]
[Round "-"]
[White "liliuejoo"]
[Black "sweetChess"]
[Result "0-1"]
[WhiteElo "1489"]
[BlackElo "1784"]

1. h3 e5 2. d4 exd4 3. Qxd4 Nc6 4. Qe4+ Be7 5. e3 Nf6 6. Qf3 d5 7. Bb5 Bd7 8. c3
a6 9. Ba4 O-O 10. Ne2 Ne5 11. Qg3 Bxa4 12. Qxe5 Bd6 13. Qd4 Bb5 14. Na3 Bxe2 15.
Kxe2 Bxa3 16. bxa3 Ne4 17. Bd2 c5 18. Qe5 Re8 19. Qf4 Qa5 20. f3 Nxd2 21. Kxd2
Qxa3 22. Rhb1 b5 23. Rb3 Qa5 24. a4 d4 25. exd4 cxd4 26. Kc2 Re2+ 27. Kd3 Re3+
28. Kxd4 Qb6+ 29. Kd5 Rd8+ 30. Qd6 Rxd6# 0-1

[Event "Challenge"]
[Site "http://www.queenalice.com/game.php?id=38852"]
[Date "2005.11.20"]
[Round "-"]
[White "liliuejoo"]
[Black "sweetChess"]
[Result "0-1"]
[WhiteElo "1526"]
[BlackElo "1875"]

1. h3 d5 2. d4 Nc6 3. Bf4 Bf5 4. a3 e6 5. Nf3 Bd6 6. Bxd6 Qxd6 7. e3 Nf6 8. Nc3
O-O 9. Bb5 Ne7 10. Bd3 Bg6 11. Bxg6 Nxg6 12. g3 Rfc8 13. b4 a5 14. b5 c5 15.
dxc5 Qxc5 16. Qd3 Qxc3+ 17. Qxc3 Rxc3 18. Ra2 Rac8 19. Nd4 e5 20. Nf5 Rxc2 21.
Ra1 Rb2 22. Nd6 Rcc2 23. O-O Ne4 24. Nxb7 Nxg3 25. Rfb1 Rxf2 26. Rxb2 Rxb2 27.
Nd6 Nh4 28. Rf1 Nxf1 29. Kxf1 d4 30. exd4 exd4 31. Nc4 Rxb5 32. a4 Rb4 33. Nxa5
Rxa4 34. Nb3 Nf5 35. Kf2 Ra3 36. Nd2 Rxh3 37. Kg2 Re3 38. Nf3 d3 39. Kf2 Re2+
40. Kg1 d2 41. Nxd2 Rxd2 42. Kf1 h5 43. Ke1 Ra2 44. Kd1 h4 45. Kc1 h3 46. Kb1
Rg2 47. Kc1 h2 0-1

[Event "Challenge"]
[Site "http://www.queenalice.com/game.php?id=40563"]
[Date "2005.11.29"]
[Round "-"]
[White "TortugaChat"]
[Black "liliuejoo"]
[Result "1-0"]
[WhiteElo "1802"]
[BlackElo "1541"]

1. e4 a6 2. Nf3 d6 3. Nc3 Nc6 4. Bc4 Nf6 5. d3 h6 6. h3 e5 7. d4 b5 8. Bd5 Nxd5
9. Nxd5 exd4 10. Nxd4 Bb7 11. Nxc6 Bxc6 12. Qe2 Be7 13. O-O Bxd5 14. exd5 O-O
15. Qg4 Bg5 16. f4 Bf6 17. f5 c5 18. Bxh6 Bxb2 19. Rae1 Qf6 20. Bg5 Bd4+ 21. Kh1
Qe5 22. Rxe5 Bxe5 23. f6 Rae8 24. fxg7 Bxg7 25. Bf6 Re4 26. Qxg7# 1-0

[Event "sáo paulo"]
[Site "http://www.queenalice.com/game.php?id=43360"]
[Date "2005.12.13"]
[Round "-"]
[White "Simone"]
[Black "liliuejoo"]
[Result "1-0"]
[WhiteElo "1531"]
[BlackElo "1600"]

1. b3 e5 2. Bb2 f6 3. e3 d5 4. d3 d4 5. exd4 exd4 6. Qh5+ g6 7. Qf3 Bb4+ 8. Nd2
f5 9. a3 Bxd2+ 10. Kxd2 Qg5+ 11. Kd1 Nc6 12. Ne2 Nge7 13. Nxd4 Rg8 14. Nxc6 Nxc6
15. Bc3 a5 16. Qd5 Ne7 17. Qb5+ Nc6 18. h4 Qf4 19. f3 h5 20. Bd2 Qd4 21. c3 Qd6
22. d4 b6 23. d5 Ba6 24. Qxc6+ Qxc6 25. dxc6 1-0

[Event "Challenge"]
[Site "http://www.queenalice.com/game.php?id=46310"]
[Date "2006.1.4"]
[Round "-"]
[White "Chakal69"]
[Black "liliuejoo"]
[Result "1-0"]
[WhiteElo "1624"]
[BlackElo "1637"]

1. e4 e5 2. Nf3 d6 3. Bc4 Bg4 4. c3 h6 5. d4 Bxf3 6. Qxf3 f6 7. a4 exd4 8. cxd4
c6 9. b4 Qb6 10. Qc3 Na6 11. Ba3 Be7 12. a5 Qc7 13. O-O g6 14. Nd2 d5 15. Ba2
Rc8 16. Rfe1 b6 17. axb6 axb6 18. exd5 cxd5 19. Qxc7 Rxc7 20. Bxd5 b5 21. Bb3 f5
22. d5 Nf6 23. Nf3 Rc3 24. Rab1 Nxd5 25. Bxd5 Rxa3 26. Bc6+ Kf7 27. Ne5+ Kg7 28.
Bxb5 Nxb4 29. Nc4 Rc3 30. Rxe7+ Kf6 31. Rd7 Rb8 32. Rd6+ Kg5 33. Nb6 Rb7 34. g3
Na2 35. h4+ Kg4 36. Kg2 Rg7 37. Be2+ 1-0

[Event "Challenge"]
[Site "http://www.queenalice.com/game.php?id=46311"]
[Date "2006.1.4"]
[Round "-"]
[White "liliuejoo"]
[Black "Chakal69"]
[Result "1-0"]
[WhiteElo "1605"]
[BlackElo "1624"]

1. h3 e5 2. a3 Nf6 3. d4 e4 4. Nc3 d5 5. Bg5 Be7 6. e3 Nc6 7. Bb5 Bd7 8. Bxf6
Bxf6 9. Nxd5 a6 10. Bxc6 Bxc6 11. Nxf6+ gxf6 12. c3 Qd7 13. Qg4 Qxg4 14. hxg4
Bd7 15. Rh6 f5 16. gxf5 Bxf5 17. O-O-O O-O-O 18. Rf6 Bg6 19. f4 exf3 20. gxf3
Kb8 21. Nh3 h6 22. Nf4 Bh7 23. Rxh6 Bg6 24. Rdh1 Rxh6 25. Rxh6 Re8 26. Kd2 b6
27. Nxg6 fxg6 28. Rxg6 Rh8 29. Rg2 c6 30. b4 b5 31. f4 Rf8 32. Kd3 Kb7 33. c4
bxc4+ 34. Kxc4 Kb6 35. Rg5 Re8 36. Re5 1-0

[Event "Challenge"]
[Site "http://www.queenalice.com/game.php?id=46312"]
[Date "2006.1.4"]
[Round "-"]
[White "Chakal69"]
[Black "liliuejoo"]
[Result "0-1"]
[WhiteElo "1656"]
[BlackElo "1583"]

1. e4 a6 2. Nf3 d5 3. e5 Nc6 4. d4 Bg4 5. Be2 e6 6. Bg5 f6 7. exf6 gxf6 8. Bh4
Bxf3 9. Bxf3 Bh6 10. Bh5+ Ke7 11. O-O Bg7 12. Re1 Qd6 13. Nc3 Nh6 14. g4 Rhg8
15. Re2 Qf4 16. h3 Nxd4 17. Re3 c6 18. Ne2 Nxe2+ 19. Qxe2 e5 20. f3 Kf8 21. b3
f5 22. Kg2 d4 23. Bg3 Qxe3 24. Qxe3 dxe3 25. gxf5 Nxf5 26. Bh2 Bf6+ 27. Bg4 Nh4+
28. Kf1 e4 29. Bd6+ Kg7 30. Rd1 exf3 31. Bxf3 Nxf3 32. Ke2 Nd4+ 33. Kxe3 Rge8+
34. Kd3 Red8 35. c3 Nb5 36. Rg1+ Kf7 37. Kc2 Rxd6 38. c4 Nd4+ 39. Kb1 Re8 40.
Rf1 Re2 41. a4 Nxb3 42. h4 Nd2+ 0-1

[Event "Challenge"]
[Site "http://www.queenalice.com/game.php?id=46313"]
[Date "2006.1.4"]
[Round "-"]
[White "liliuejoo"]
[Black "Chakal69"]
[Result "0-1"]
[WhiteElo "1607"]
[BlackElo "1641"]

1. e4 e5 2. Qh5 Nc6 3. Bb5 Nf6 4. Qf3 Nb4 5. Na3 a6 6. Bc4 b5 7. Bd5 c6 8. Bb3
d5 9. exd5 Nbxd5 10. d3 Bg4 11. Qg3 h6 12. Qxe5+ Be7 13. c4 Nc7 14. cxb5 axb5
15. Bg5 hxg5 16. Qxg5 g6 17. Qe5 Na6 18. f3 Bf5 19. d4 O-O 20. g4 Bd6 21. Qe2
Re8 22. O-O-O Rxe2 23. Nxe2 Be6 24. Bxe6 fxe6 25. h3 Nd5 26. Nc2 Nab4 27. Nxb4
Bxb4 28. Kb1 Qa5 29. Nc1 Bd2 30. a3 Bxc1 31. Rxc1 Ra6 32. Rhe1 b4 33. Rxe6 bxa3
34. b3 Nf4 35. Rf6 Qd2 36. Rc2 a2+ 37. Rxa2 Rxa2 38. Rxf4 Qb2# 0-1

[Event "Challenge"]
[Site "http://www.queenalice.com/game.php?id=46320"]
[Date "2006.1.4"]
[Round "-"]
[White "Chakal69"]
[Black "liliuejoo"]
[Result "0-1"]
[WhiteElo "1656"]
[BlackElo "1613"]

1. e4 e5 2. Nf3 d6 3. Bc4 Nh6 4. c3 a6 5. a3 Bg4 6. d4 Bxf3 7. Qxf3 g5 8. g4 Qd7
9. h3 Bg7 10. dxe5 dxe5 11. Bxg5 O-O 12. O-O Nc6 13. Rd1 Qe8 14. b4 a5 15. Ra2
axb4 16. cxb4 Nd4 17. Qd3 Rd8 18. Rad2 Rd6 19. Qc3 Qa4 20. Be7 Rfd8 21. Bxd8
Rxd8 22. Rd3 Ne2+ 23. Kf1 Nxc3 24. Rxd8+ Bf8 25. Nxc3 Qxa3 26. Na2 Qxh3+ 27. Ke1
Qxg4 28. Kd2 Qxe4 29. Rg1+ Ng4 30. Be2 h5 31. f3 Qe3+ 32. Kc2 Qxg1 33. fxg4 hxg4
34. Kd2 Kg7 35. Rd7 Qb1 36. Bc4 Qb2+ 37. Kd3 Bxb4 38. Rxf7+ Kg6 39. Rxc7 Qb1+
40. Ke3 Bc5+ 41. Rxc5 Qg1+ 42. Kd3 Qxc5 0-1

[Event "Challenge"]
[Site "http://www.queenalice.com/game.php?id=46605"]
[Date "2006.1.6"]
[Round "-"]
[White "Chakal69"]
[Black "liliuejoo"]
[Result "1-0"]
[WhiteElo "1688"]
[BlackElo "1617"]

1. e4 e5 2. Nf3 Qf6 3. c3 a6 4. d4 exd4 5. cxd4 c5 6. d5 d6 7. Nc3 b5 8. Bg5 Qg6
9. Bf4 Nf6 10. e5 dxe5 11. Bxe5 Nbd7 12. Qe2 Be7 13. d6 Qe4 14. Nxe4 Nxe4 15.
Qxe4 O-O 16. dxe7 1-0